000 00304nam a2200133Ia 4500
005 20251222155118.0
008 251222s9999||||xx |||||||||||||| ||spa||
082 _aLEN.75
100 _aSCORZA,Manuel.
245 0 _aGarabombo el invisible
250 _a1ra. ed.
264 _bEl comercio
942 _cLIB
999 _c38313
_d38313